000 00796nam a2200253Ia 4500
003 OSt
005 20220925224641.0
006 a|||||r|||| 00| 0
007 ta
008 220923b |||||||| |||| 00| 0 eng d
037 _cGeneral Book
040 _aRTL
_cRTL
_beng
041 _2eng
_aeng
082 _aX:3M24xM18:g(Q5), L8
100 _aCarlebach Julins
_9291326
245 0 _aKarl Marx and the radical critique of judainn
260 _aLondon
_bRoutledge and Kegan Paul
_c1978
300 _axi, 466p
_ccm.
490 _aLittman Library of Jewieh civilization, ed by Louis Jacobs etc.
500 _aBibligraphyp451-59
650 _aEconomics classics Karl Marx
942 _hX:3M24xM18:g(Q5), L8
_cGB
_2CC
999 _c581891
_d581891